Central Library, Doon University
WEBOPAC (ONLINE PUBLIC ACCESS CATALOGUE)

Essentials Of Nanotechnology (Record no. 60705)

MARC details
000 -LEADER
fixed length control field 00472nam a22001817a 4500
005 - DATE & TIME
control field 20260423133309.0
008 - FIXED-LENGTH DATA ELEMENTS--GENERAL INFORMATION
fixed length control field 260423b |||||||| |||| 00| 0 eng d
020 ## - ISBN
International Standard Book Number 9789381714508
Price 695.00
040 ## - CATALOGING SOURCE
Original cataloging agency Doon University
041 ## - Language
Language English
082 ## - DDC NUMBER
Classification number 620.5
Book Number ANA
100 ## - MAIN ENTRY--PERSONAL NAME
Personal name Anand, Rishabh E.
245 ## - TITLE STATEMENT
Title Essentials Of Nanotechnology
260 ## - PUBLICATION, DISTRIBUTION, ETC. (IMPRINT)
Place of publication, distribution, etc New Delhi
Name of publisher, distributor, etc MedTech Science Press
Date of publication, distribution, etc 2014
300 ## - PHYSICAL DESCRIPTION
Pages 237
650 ## - Subject
Subject Commerce (PM USHA)
942 ## - ADDED ENTRY ELEMENTS (KOHA)
Koha item type Books
100 ## - MAIN ENTRY--PERSONAL NAME
-- 26709
650 ## - Subject
-- 26705
952 ## - LOCATION AND ITEM INFORMATION (KOHA)
-- 2026-04-23
952 ## - LOCATION AND ITEM INFORMATION (KOHA)
-- 2026-04-23
952 ## - LOCATION AND ITEM INFORMATION (KOHA)
-- 2026-04-23
Holdings
Withdrawn status Lost status Source of classification or shelving scheme Damaged status Not for loan Location (home branch) Sublocation or collection (holding branch) Date acquired Koha issues (times borrowed) Koha full call number Accession No. Koha date last seen Koha item type
          Doon University Doon University 23.04.2026   620.5 ANA 32782 23.04.2026 Books
          Doon University Doon University 23.04.2026   620.5 ANA 32783 23.04.2026 Books
          Doon University Doon University 23.04.2026   620.5 ANA 32784 23.04.2026 Books
Contact : +91-135-2533126 (Library),+91-135-2533105 (Admin Office) , Email : doonlibrary@gmail.com

Powered by Koha